| 000 | 01177 a2200217 4500 | ||
|---|---|---|---|
| 005 | 20180711144118.0 | ||
| 008 | 080927t xxu||||| |||| 00| 0 hin d | ||
| 010 | _aB-297867-886 | ||
| 020 |
_a8190403648 _c120.00 |
||
| 035 | _aB-297867-886, B-241896 | ||
| 037 | _bत्रिवेणी पब्लिकेशन | ||
| 040 |
_adpl _bHIN |
||
| 082 | _aउ | ||
| 100 | _aश्यामलाल 'मधुप' | ||
| 245 |
_aक्रान्तिकारी नाना साहब पेशवा / _cश्यामलाल 'मधुप' |
||
| 260 |
_aदिल्ली _bत्रिवेणी पब्लिकेशन _c2007 |
||
| 270 |
_aआर-2/29, गुरूद्वारा रोड़, रमेश पार्क, लक्ष्मी नगर _bदिल्ली _cदिल्ली _e110092 |
||
| 300 |
_a111पृ _c22 सेमी (सजिल्द) |
||
| 942 |
_adpl _cHN _kउ श्यामला _2ddc _hउ _mश्यामला |
||
| 999 |
_c12304 _d12304 |
||